Abducted (Record no. 62737)
[ view plain ]
| 000 -LEADER | |
|---|---|
| fixed length control field | 01192nam a2200301Ia 4500 |
| 100 1# - MAIN ENTRY--AUTHOR NAME | |
| Personal name | Clancy, Susan A. |
| 245 10 - TITLE STATEMENT | |
| Title | Abducted |
| 260 ## - PUBLICATION, DISTRIBUTION, ETC. (IMPRINT) | |
| Place of publication | Cambridge, Mass. : |
| Name of publisher | Harvard University Press, |
| Year of publication | 2005. |
| 300 ## - PHYSICAL DESCRIPTION | |
| Number of Pages | viii, 179 p. |
| 650 #0 - SUBJECT ADDED ENTRY--TOPICAL TERM | |
| Topical Term | Alien abduction. |
| Topical Term | Human-alien encounters. |
| 856 40 - ELECTRONIC LOCATION AND ACCESS | |
| Uniform Resource Identifier | http://site.ebrary.com/lib/rucke/Doc?id=10312782 |
No items available.
